[Event "Auckland Trusts op 41st"]
[Site "Auckland"]
[Date "2018.06.03"]
[Round "4"]
[White "Zajkowski, Richard"]
[Black "Lim, Benjamin U"]
[Result "0-1"]
[WhiteElo "1809"]
[BlackElo "2091"]
[PlyCount "160"]
[EventDate "2018.06.02"]
[EventType "swiss"]
[EventRounds "6"]
[EventCountry "NZL"]
[SourceTitle "EXT 2019"]
[Source "ChessBase"]
[SourceDate "2018.10.10"]
[SourceVersion "1"]
[SourceVersionDate "2018.10.10"]
[SourceQuality "1"]

1. e4 c5 2. Nc3 d6 3. f4 g6 4. Nf3 Bg7 5. Bb5+ Bd7 6. Qe2 Bxb5 7. Qxb5+ Qd7 8. Qxd7+ Nxd7 9. Nb5 Kd8 10. d4 a6 11. Nc3 cxd4 12. Ne2 e5 13. 0-0 f6 14. Bd2 Rc8 15. c3 dxc3 16. Bxc3 Rc6 17. Rac1 Nc5 18. fxe5 dxe5 19. Ng3 Kc8 20. Rfd1 Bh6 21. Rc2 Ne7 22. Kf1 Na4 23. Rd3 Rd8 24. Rxd8+ Kxd8 25. Ne2 Kd7 26. g4 Nxc3 27. Rxc3 Rxc3 28. Nxc3 b5 29. b3 Kc6 30. h4 Bg7 31. Ke2 h6 32. Kd3 Kd6 33. Ne2 Kc5 34. Nd2 Nc6 35. a3 Kd6 36. Nf3 Ke6 37. Nc3 Ne7 38. a4 b4 39. Na2 Nc6 40. Kc4 Bf8 41. Nc1 Na5+ 42. Kd3 f5 43. g5 h5 44. Nd2 Bc5 45. Nf3 f4 46. Ne1 Be3 47. Na2 Nxb3 48. Nxb4 Nc5+ 49. Ke2 Nxe4 50. Nxa6 Nc3+ 51. Kd3 Nxa4 52. Nc7+ Kf5 53. Nd5 Bd4 54. Nf6 Bf2 55. Nf3 Nc5+ 56. Ke2 Be3 57. Nd5 Ke6 58. Nxe3 fxe3 59. Kxe3 Kf5 60. Kf2 Ne6 61. Kg3 Nd4 62. Ne1 Ke4 63. Ng2 Nf5+ 64. Kf2 Ne7 65. Kg3 Nd5 66. Kf2 Nf4 67. Ne3 Ne6 68. Ng2 Nc5 69. Ne3 Nd3+ 70. Ke2 Nf4+ 71. Kf2 Nd5 72. Ng2 Kf5 73. Kg3 e4 74. Ne1 Ke5 75. Ng2 Ne7 76. Kf2 Nf5 77. Ke2 Nd4+ 78. Kf2 Ne6 79. Ke3 Ng7 80. Nf4 Nf5+ 0-1

[Event "Auckland Trusts op 41st"]
[Site "Auckland"]
[Date "2018.06.02"]
[Round "1"]
[White "Zajkowski, Richard"]
[Black "Gibbons, Robert"]
[Result "0-1"]
[WhiteElo "1809"]
[BlackElo "2070"]
[PlyCount "92"]
[EventDate "2018.06.02"]
[EventType "swiss"]
[EventRounds "6"]
[EventCountry "NZL"]
[SourceTitle "EXT 2019"]
[Source "ChessBase"]
[SourceDate "2018.10.10"]
[SourceVersion "1"]
[SourceVersionDate "2018.10.10"]
[SourceQuality "1"]

1. e4 e5 2. Nc3 Nf6 3. f4 d6 4. Nf3 Nc6 5. Bc4 Be6 6. Bxe6 fxe6 7. d3 exf4 8. Bxf4 e5 9. Bg5 Be7 10. Qd2 Qd7 11. 0-0-0 0-0-0 12. Kb1 h6 13. Bh4 g5 14. Bf2 g4 15. Nh4 Nh5 16. Nd5 Bg5 17. Ne3 Ng7 18. c3 Qe6 19. Qe2 h5 20. Rdf1 Ne7 21. Bg3 Rdf8 22. Rf2 Rxf2 23. Qxf2 Bxh4 24. Bxh4 Ng6 25. Nf5 Nxh4 26. Nxg7 Qh6 27. Qxh4 Qxg7 28. Rf1 Rf8 29. Rxf8+ Qxf8 30. Qxh5 Qf1+ 31. Kc2 Qxg2+ 32. Kb3 b6 33. Qe8+ Kb7 34. Qe6 a6 35. Qd5+ Ka7 36. Qc6 Kb8 37. Qe8+ Kb7 38. Qd7 Qe2 39. Qe6 b5 40. a3 a5 41. Qd5+ Kb6 42. Qg8 Qxd3 43. Qxg4 Qb1 44. c4 bxc4+ 45. Kxc4 Qc2+ 46. Kd5 Qb3# 0-1